Lanean...
Nuclear physics
| Egile nagusia: | |
|---|---|
| Formatua: | Printed Book |
| Argitaratua: |
Universities of Chicago Press, Chicago
1951
|
| Gaiak: |
| LEADER | 00505nam a2200193 4500 | ||
|---|---|---|---|
| 020 | |||
| 082 | |a R 539.7 FER-N | ||
| 100 | |a Fermi, Enrico | ||
| 245 | |a Nuclear physics | ||
| 250 | |||
| 260 | |a Universities of Chicago Press, Chicago |c 1951 | ||
| 300 | |a 248 | ||
| 490 | |||
| 500 | |||
| 590 | |a Gimish | ||
| 650 | |a Atomic and Nuclear physics | ||
| 942 | |c BK | ||
| 999 | |c 83165 |d 83165 | ||
| 952 | |0 0 |1 0 |4 0 |6 R_539_700000000000000_FERN |7 0 |9 96633 |a PHY |b PHY |l 0 |o R 539.7 FER-N |p PHY04824 |r 2019-09-24 |w 2019-09-24 |y BK | ||